John Dryden and the poetry of statement /

Bibliographic Details
Main Author: Hamilton, K. G. (Kenneth Gordon), 1921-
Format: Book
Language:English
Published: St. Lucia : University of Queensland Press, 1967.
Subjects:

MARC

Tag First Indicator Second Indicator Subfields
LEADER 00000cam a2200000 i 4500
001 in00001402661
005 20151020052131.0
008 770713s1967 at b 001 0 eng d
035 |a (OCoLC)03111744 
035 |9 AHM2736AM 
040 |a IAY  |c IAY  |d TXA  |d UtOrBLW 
049 |a TXAM 
090 |a PR3424  |b .H3 1967 
100 1 |a Hamilton, K. G.  |q (Kenneth Gordon),  |d 1921- 
245 1 0 |a John Dryden and the poetry of statement /  |c by K. G. Hamilton. 
264 1 |a St. Lucia :  |b University of Queensland Press,  |c 1967. 
300 |a x, 193 pages ;  |c 24 cm. 
336 |a text  |b txt  |2 rdacontent 
337 |a unmediated  |b n  |2 rdamedia 
338 |a volume  |b nc  |2 rdacarrier 
504 |a Bibliography: pages [179]-190. 
500 |a Includes index. 
541 0 |a Donated by Dr. Stanley L. Archer ; October, 1997. 
600 1 0 |a Dryden, John,  |d 1631-1700. 
999 |a MARS 
999 f f |s d1394ec2-ad7f-3b1e-b8d3-078ce5ac214f  |i f3ac9b46-084c-3cad-aae0-0479bc7f4bd8  |t 0 
952 f f |p normal  |a Texas A&M University  |b College Station  |c Sterling C. Evans Library  |d Evans: Library Stacks  |t 0  |e PR3424 .H3 1967  |h Library of Congress classification  |i unmediated -- volume  |m A14821992285 
998 f f |a PR3424 .H3 1967  |t 0  |l Evans: Library Stacks